000 00817nam a2200241 a 4500
999 _c11023
_d11023
001 11023
003 BD-JhCC
005 20201206134020.0
008 190725b20002016bg |||| ||a| 000 0 ben d
020 _a9789844044937
035 _a(BD-JhCC)11023
040 _aBD-JhCC
_dBD-JhCC
041 _aben
082 _a954.9205
_bHOS 2016
100 _aহোসেন, সৈয়দ আনোয়ার
245 _aমুক্তিযুদ্ধের ইতিহাস চর্চা /
_cসৈয়দ আনোয়ার হোসেন ।
260 _aঢাকাঃ
_bঅনুপুম প্রকাশনী;
_c২০১৬.
300 _a১১০ পৃঃ . :
_c২২ সেমি.
650 _aPolitical science
650 _aLiberation war
942 _2ddc
_cBK
_01